2025 Club World Cup First XIs - Statistics

General Stats
  • This quiz has been taken 127 times
  • The average score is 115 of 352
Answer Stats
Answer % Correct
Ulsan Hyundai Ko Seung-Beom
91%
Borussia Dortmund Gregor Kobel
86%
Real Madrid Thibaut Courtois
86%
Real Madrid Jude Bellingham
85%
Real Madrid Vinícius Júnior
85%
Manchester City Ederson
84%
Real Madrid Federico Valverde
84%
Real Madrid Rodrygo
84%
Inter Miami Lionel Messi
83%
Al Hilal Rúben Neves
83%
Borussia Dortmund Serhou Guirassy
83%
Real Madrid Trent Alexander-Arnold
83%
Bayern Munich Harry Kane
82%
Atlético Madrid Jan Oblak
82%
Paris Saint-Germain João Neves
82%
Inter Milan Lautaro Martínez
82%
Inter Miami Luis Suárez
82%
Al Hilal Yassine Bounou
82%
Paris Saint-Germain Gianluigi Donnarumma
80%
Chelsea Moisés Caicedo
80%
Monterrey Sergio Ramos
80%
Paris Saint-Germain Gonçalo Ramos
79%
Manchester City Jérémy Doku
79%
Chelsea Robert Sánchez
79%
Juventus Weston McKennie
79%
Paris Saint-Germain Achraf Hakimi
78%
Atlético Madrid Antoine Griezmann
78%
Porto Cláudio Ramos
78%
Chelsea Cole Palmer
78%
Juventus Kenan Yıldız
78%
Paris Saint-Germain Khvicha Kvaratskhelia
78%
Bayern Munich Manuel Neuer
78%
Manchester City Omar Marmoush
78%
Paris Saint-Germain Vitinha
78%
Manchester City Nathan Aké
77%
Chelsea Nicolas Jackson
77%
Paris Saint-Germain Nuno Mendes
77%
Paris Saint-Germain Fabián Ruiz
76%
Seattle Sounders Kim Kee-Hee
76%
Ulsan Hyundai Kim Young-Gwon
76%
Chelsea Marc Cucurella
76%
Chelsea Reece James
76%
Inter Milan Yann Sommer
76%
Paris Saint-Germain Désiré Doué
75%
Paris Saint-Germain Willian Pacho
75%
Inter Milan Alessandro Bastoni
74%
Al Hilal João Cancelo
74%
Borussia Dortmund Julian Brandt
74%
Borussia Dortmund Marcel Sabitzer
74%
Bayern Munich Michael Olise
74%
Chelsea Pedro Neto
74%
Manchester City Phil Foden
74%
Manchester City Rayan Cherki
74%
Manchester City Savinho
74%
Real Madrid Fran García
73%
Real Madrid Gonzalo García
73%
Bayern Munich Joshua Kimmich
73%
Al Hilal Kalidou Koulibaly
73%
Paris Saint-Germain Marquinhos
73%
Inter Miami Sergio Busquets
73%
Juventus Alberto Costa
72%
Inter Milan Henrikh Mkhitaryan
72%
Atlético Madrid Julián Alvarez
72%
Bayern Munich Kingsley Coman
72%
Manchester City Rico Lewis
72%
Boca Juniors Ayrton Costa
71%
Inter Milan Benjamin Pavard
70%
Bayern Munich Raphaël Guerreiro
70%
Atlético Madrid Rodrigo De Paul
70%
Manchester City Tijjani Reijnders
70%
Real Madrid Dean Huijsen
67%
Los Angeles FC Hugo Lloris
67%
Ulsan Hyundai Jo Hyeon-Woo
67%
Al Hilal Sergej Milinković-Savić
67%
Fluminense Thiago Silva
67%
Inter Milan Nicolò Barella
66%
Benfica Ángel Di María
65%
Benfica António Silva
65%
Real Madrid Aurélien Tchouaméni
65%
Juventus Khéphren Thuram
65%
Real Madrid Raúl Asencio
65%
Juventus Michele Di Gregorio
64%
Juventus Randal Kolo Muani
64%
Inter Milan Francesco Acerbi
63%
Borussia Dortmund Niklas Süle
63%
Chelsea Noni Madueke
63%
Chelsea Levi Colwill
62%
Borussia Dortmund Ramy Bensebaïni
62%
Borussia Dortmund Julian Ryerson
61%
Benfica Nicolás Otamendi
61%
Chelsea Roméo Lavia
61%
Bayern Munich Aleksandar Pavlović
60%
Atlético Madrid Clément Lenglet
60%
Juventus Francisco Conceição
60%
Borussia Dortmund Karim Adeyemi
60%
Al Hilal Malcom
58%
Atlético Madrid Marcos Llorente
58%
Juventus Pierre Kalulu
58%
Bayern Munich Thomas Müller
58%
Bayern Munich Jonathan Tah
55%
Benfica Vangelis Pavlidis
55%
Inter Milan Kristjan Asllani
53%
Atlético Madrid Samuel Lino
53%
Chelsea Tosin Adarabioyo
53%
Benfica Anatoliy Trubin
52%
Atlético Madrid Giuliano Simeone
52%
Bayern Munich Josip Stanišić
52%
Al Hilal Renan Lodi
52%
Atlético Madrid Robin Le Normand
51%
Manchester City Vitor Reis
50%
Juventus Lloyd Kelly
49%
Al Hilal Nasser Al-Dawsari
49%
Atlético Madrid Pablo Barrios
49%
Al Hilal Salem Al-Dawsari
49%
Inter Milan Carlos Augusto
48%
Palmeiras Estêvão
48%
Inter Milan Matteo Darmian
48%
Bayern Munich Sacha Boey
43%
Juventus Andrea Cambiaso
41%
Al Hilal Marcos Leonardo
40%
Flamengo Jorginho
38%
Benfica Álvaro Carreras
37%
Botafogo | Los Angeles FC Igor Jesus
37%
Porto Rodrigo Mora
37%
Los Angeles FC Denis Bouanga
36%
Atlético Madrid Javi Galán
36%
Botafogo John Victor
36%
Borussia Dortmund Waldemar Anton
36%
Porto Gabri Veiga
35%
Inter Miami Noah Allen
35%
Porto Samu Aghehowa
35%
Benfica Fredrik Aursnes
34%
Palmeiras Gustavo Gómez
34%
Manchester City Nico O'Reilly
34%
Botafogo Alex Telles
33%
River Plate Franco Armani
33%
River Plate Ignacio Fernández
33%
Al-Ain Kaku
33%
Palmeiras Vitor Roque
33%
Porto Alan Varela
32%
Flamengo Giorgian De Arrascaeta
32%
Flamengo Guillermo Varela
32%
Borussia Dortmund Daniel Svensson
30%
River Plate Franco Mastantuono
30%
Boca Juniors Luis Advíncula
30%
Borussia Dortmund Pascal Groß
30%
Al-Ain Rui Patrício
30%
River Plate Marcos Acuña
29%
Palmeiras Richard Ríos
29%
Boca Juniors Ander Herrera
28%
Fluminense Jhon Arias
28%
Porto João Mário
28%
Pachuca Salomón Rondón
28%
Ulsan Hyundai Lee Chung-Yong
27%
Urawa Red Diamonds Matheus Sávio
27%
Al-Ain Park Yong Woo
27%
Pachuca Elías Montiel
26%
River Plate Enzo Pérez
26%
River Plate Gonzalo Montiel
26%
Al Ahly Trézéguet
26%
Benfica Florentino Luís
25%
Monterrey Óliver Torres
25%
Inter Miami Óscar Ustari
25%
Inter Milan Sebastiano Esposito
25%
RB Salzburg Oscar Gloukh
24%
Flamengo Pedro
24%
Porto Zé Pedro
24%
Boca Juniors Agustín Marchesín
23%
Porto Iván Marcano
23%
Palmeiras Weverton
23%
Mamelodi Sundowns Marcelo Allende
22%
Porto Martim Fernandes
22%
Benfica Renato Sanches
22%
Inter Miami Tadeo Allende
22%
Pachuca Bryan González
21%
Monterrey Sergio Canales
21%
Inter Miami Telasco Segovia
21%
Palmeiras Aníbal Moreno
20%
Fluminense Fábio
20%
Pachuca Luís Rodríguez
20%
Boca Juniors Miguel Merentiel
20%
Juventus Nicolò Savona
20%
Al Ahly Wessam Abou Ali
20%
Pachuca Carlos Moreno
18%
Inter Miami Fernando Redondo
18%
Monterrey Jorge Rodríguez
18%
Boca Juniors Carlos Palacios
17%
Flamengo Erick Pulgar
17%
Botafogo Jefferson Savarino
17%
Flamengo Léo Pereira
17%
Al-Ain Matías Palacios
17%
ES Tunis Mohamed Ben Ali
17%
Flamengo Agustín Rossi
16%
Porto Fábio Vieira
16%
Mamelodi Sundowns Ronwen Williams
16%
Benfica Samuel Dahl
16%
Seattle Sounders Stefan Frei
16%
Porto Francisco Moura
15%
Flamengo Gerson
15%
Inter Miami Maximiliano Falcón
15%
Palmeiras Agustín Giay
14%
Botafogo Alexander Barboza
14%
Pachuca Federico Pereira
14%
Palmeiras Joaquín Piquerez
14%
Monterrey Lucas Ocampos
14%
Seattle Sounders Obed Vargas
14%
Inter Miami Tomás Avilés
14%
Seattle Sounders Albert Rusnák
13%
Flamengo Ayrton Lucas
13%
Flamengo Luiz Araújo
13%
Palmeiras Maurício
13%
Seattle Sounders Ryan Kent
13%
Botafogo Vitinho
13%
Fluminense Agustín Canobbio
12%
Botafogo Artur
12%
Palmeiras Felipe Anderson
12%
River Plate Germán Pezzella
12%
Botafogo Gregore
12%
Inter Miami Ian Fray
12%
River Plate Lautaro Martínez Quarta
12%
RB Salzburg Mads Bidstrup
12%
Fluminense Matheus Martinelli
12%
Fluminense Samuel Xavier
12%
Seattle Sounders Alex Roldán
11%
Benfica Bruma
11%
Seattle Sounders Cristian Roldán
11%
Monterrey Esteban Andrada
11%
Fluminense Everaldo
11%
River Plate Facundo Colidio
11%
Mamelodi Sundowns Iqraam Rayners
11%
Ulsan Hyundai Jung Woo-Young
11%
Boca Juniors Kevin Zenón
11%
Flamengo Léo Ortiz
11%
Botafogo Marlon Freitas
11%
Palmeiras Murilo
11%
ES Tunis Rodrigo Rodrigues
11%
River Plate Sebastián Driussi
11%
Ulsan Hyundai Seo Myeong-Kwan
11%
RB Salzburg Stefan Lainer
11%
Boca Juniors Alan Velasco
10%
Monterrey Germán Berterame
10%
Wydad Casablanca Guilherme Ferreira
10%
Fluminense Hércules
10%
Botafogo Jair
10%
Seattle Sounders Jesús Ferreira
10%
Pachuca Kenedy
10%
Al-Ain Kodjo Fo Doh Laba
10%
Seattle Sounders Nouhou Tolo
10%
Boca Juniors Roberto Battaglia
10%
Mamelodi Sundowns Themba Zwane
10%
Ulsan Hyundai Um Won-Sang
10%
Ulsan Hyundai Erick Farias
9%
Boca Juniors Lautaro Blanco
9%
Mamelodi Sundowns Lucas Ribeiro
9%
Al Ahly Mohamed El Shenawy
9%
Mamelodi Sundowns Teboho Mokoena
9%
Los Angeles FC Aaron Long
8%
Al Ahly Emam Ashour
8%
Botafogo Gonzalo Mastriani
8%
Seattle Sounders Jackson Ragen
8%
Los Angeles FC Jeremy Ebobisse
8%
Fluminense Juan Freytes
8%
Los Angeles FC Marky Delgado
8%
Auckland City Myer Bevan
8%
Boca Juniors Nicolás Figal
8%
RB Salzburg Petar Ratkov
8%
Los Angeles FC Ryan Hollingshead
8%
Los Angeles FC Sergi Palencia
8%
Monterrey Stefan Medina
8%
Los Angeles FC Timothy Tillman
8%
ES Tunis Yan Sasse
8%
Mamelodi Sundowns Arthur Sales
7%
Ulsan Hyundai Darijan Bojanić
7%
Auckland City David Seung-Ho Yoo
7%
Los Angeles FC Eddie Segura
7%
RB Salzburg Edmund Baidoo
7%
Ulsan Hyundai Gustav Ludwigson
7%
Al Hilal Hassan Al Tombakti
7%
River Plate Kevin Castaño
7%
Al Ahly Marwan Attia
7%
Ulsan Hyundai Miłosz Trojak
7%
Al Ahly Mohamed Ali Ben Romdhane
7%
Los Angeles FC Nathan Ordaz
7%
Fluminense Renê
7%
Urawa Red Diamonds Ryoma Watanabe
7%
Monterrey Victor Guzmán
7%
Al-Ain Abdoul Traoré
5%
Al Ahly Achraf Dari
5%
Pachuca Agustín Palavecino
5%
Auckland City Conor Tracey
5%
Seattle Sounders Daniel Musovski
5%
Mamelodi Sundowns Grant Kekana
5%
Al Ahly Hamdy Fathy
5%
Mamelodi Sundowns Keanu Cupido
5%
Mamelodi Sundowns Khuliso Mudau
5%
Fluminense Nonato
5%
Wydad Casablanca Nordin Amrabat
5%
Pachuca Pedro Pedraza
5%
Al-Ain Rami Rabia
5%
Monterrey Ricardo Chávez
5%
Urawa Red Diamonds Samuel Gustafson
5%
Urawa Red Diamonds Shusaku Nishikawa
5%
Urawa Red Diamonds Takuro Kaneko
5%
Al Ahly Yasser Ibrahim
5%
ES Tunis Youcef Belaïli
5%
Auckland City Adam Mitchell
4%
Al Ahly Ahmed Koka
4%
ES Tunis Bechir Ben Saïd
4%
RB Salzburg Christian Zawieschitzky
4%
Auckland City Dylan Manickum
4%
Pachuca Eduardo Bauermann
4%
Al-Ain Facundo Zabala
4%
RB Salzburg Frans Krätzig
4%
RB Salzburg Jacob Rasmussen
4%
RB Salzburg Joane Gadou
4%
Urawa Red Diamonds Kaito Yasui
4%
Al-Ain Kouame Autonne
4%
Al-Ain Marcel Ratnik
4%
Urawa Red Diamonds Marius Høibråten
4%
Al Ahly Mohamed Hany
4%
ES Tunis Mohamed Tougai
4%
Auckland City Nathan Lobo
4%
RB Salzburg Nene Dorgeles
4%
Pachuca Alexei Dominguez Figueroa
3%
Wydad Casablanca Bart Meijers
3%
Wydad Casablanca Cassius Mailula
3%
ES Tunis Chiheb Jbéli
3%
Urawa Red Diamonds Danilo Boza
3%
Wydad Casablanca El Mehdi Benabid
3%
Wydad Casablanca El Mehdi Moubarik
3%
Wydad Casablanca Fahd Moufi
3%
Auckland City Gerard Garriga Gibert
3%
Urawa Red Diamonds Hirokazu Ishihara
3%
ES Tunis Khalil Guenichi
3%
Auckland City Mario Ilich
3%
Auckland City Michael den Heijer
3%
ES Tunis Mohamed Amine Ben Hmida
3%
Wydad Casablanca Mohamed Moufid
3%
Auckland City Nikko Boxall
3%
ES Tunis Onuche Ogbelu
3%
Wydad Casablanca Oussama Zemraoui
3%
Auckland City Regont Murati
3%
Wydad Casablanca Thembinkosi Lorch
3%
ES Tunis Yassine Meriah
3%
Urawa Red Diamonds Yoichi Naganuma
3%
Urawa Red Diamonds Yusuke Matsuo
3%
Wydad Casablanca Abdelmounaim Boutouli
2%
Mamelodi Sundowns Divine Luga
2%
Monterrey Gerardo Arteage
2%
Al-Ain Soufiane Rahmini
2%
RB Salzburg Valentin Salzbacher
2%
No matching quizzes found
Score Distribution
Percent of People with Each Score
Percentile by Number Answered
Your Score History
You have not taken this quiz